| 000 | 00499nam a22001931a 4500 | ||
|---|---|---|---|
| 001 | 2628 | ||
| 003 | OSt | ||
| 005 | 20260204211819.0 | ||
| 008 | 040315s1999||||sp ||||||b||||||||||spa|| | ||
| 020 | _a8470307126 | ||
| 050 | _a333.7 D543e | ||
| 082 | _a333.7 D543e | ||
| 100 | _aDíaz Mier, Miguel Angel | ||
| 245 | _aEconomía y medio ambiente / Miguel, Angel Díaz Mier | ||
| 264 | _aEspaña : Biblioteca Nueva | ||
| 300 | _a267 p. | ||
| 650 | _a1.Economía - Medio AmbienteÌ | ||
| 942 |
_2ddc _cBK |
||
| 999 |
_c2628 _d2628 |
||